[Event "FRA-chT1B 0708"]
[Site "France"]
[Date "2008.03.15"]
[Round "8.1"]
[White "Dunis, Aurelien"]
[Black "Istratescu, Andrei"]
[Result "1/2-1/2"]
[WhiteElo "2504"]
[BlackElo "2617"]
[PlyCount "29"]
[EventDate "2007.10.21"]
[EventType "team"]
[EventRounds "11"]
[EventCountry "FRA"]
[SourceTitle "EXT 2009"]
[Source "ChessBase"]
[SourceDate "2008.11.26"]
[SourceVersion "1"]
[SourceVersionDate "2008.11.26"]
[SourceQuality "1"]
[WhiteTeam "Grasse"]
[BlackTeam "Belfort"]
[WhiteTeamCountry "FRA"]
[BlackTeamCountry "FRA"]

1. e4 c5 2. Nc3 Nc6 3. Nge2 e6 4. d4 cxd4 5. Nxd4 a6 6. g3 Qc7 7. Bg2 Nf6 8. 0-0 Bc5 9. Nxc6 dxc6 10. Na4 Ba7 11. c4 Nd7 12. Qc2 Bd4 13. c5 e5 14. Rd1 Nf8 15. Nb6 1/2-1/2

[Event "FRA-chT1B 0708"]
[Site "France"]
[Date "2008.02.10"]
[Round "7.1"]
[White "Dunis, Aurelien"]
[Black "Miltner, Arndt"]
[Result "1-0"]
[WhiteElo "2504"]
[BlackElo "2363"]
[PlyCount "137"]
[EventDate "2007.10.21"]
[EventType "team"]
[EventRounds "11"]
[EventCountry "FRA"]
[SourceTitle "EXT 2009"]
[Source "ChessBase"]
[SourceDate "2008.11.26"]
[SourceVersion "1"]
[SourceVersionDate "2008.11.26"]
[SourceQuality "1"]
[WhiteTeam "Grasse"]
[BlackTeam "Gambsheim"]
[WhiteTeamCountry "FRA"]
[BlackTeamCountry "FRA"]

1. e4 d6 2. d4 Nf6 3. f3 e5 4. d5 Be7 5. Be3 Nbd7 6. c4 Nh5 7. Qd2 h6 8. Nh3 Nb6 9. Nf2 Bg5 10. Nc3 Bxe3 11. Qxe3 Qg5 12. Kd2 Ke7 13. g3 Bd7 14. b3 g6 15. Nd3 Qxe3+ 16. Kxe3 c5 17. dxc6 Bxc6 18. Bh3 Nf6 19. c5 Nbd7 20. cxd6+ Kxd6 21. Rhd1 Ke7 22. Nb4 Nb6 23. Rac1 Rhd8 24. Rxd8 Rxd8 25. Nxc6+ bxc6 26. Nd1 Kd6 27. Nb2 Nfd7 28. Bxd7 Rxd7 29. Nd3 f6 30. Rc5 Rb7 31. Ra5 Nd7 32. Nb2 Nb6 33. Nd3 Nc8 34. f4 Rb5 35. Ra6 Rb6 36. Ra4 Rb5 37. Kf3 a5 38. Rc4 Nb6 39. Rc2 a4 40. b4 Nd7 41. a3 c5 42. Rd2 Kc6 43. Kg4 exf4 44. gxf4 cxb4 45. Nxb4+ Kc7 46. Nd5+ Kc6 47. Ne7+ Kc7 48. Nxg6 Rb3 49. Ra2 Kd6 50. Kf5 Rb5+ 51. e5+ fxe5 52. fxe5+ Kc7 53. Ke6 Nc5+ 54. Kf7 Rb7 55. e6 Kd6+ 56. e7 Ne4 57. Kf8 Nf6 58. Rd2+ Ke6 59. Re2+ Kd6 60. Kf7 Nd5 61. Re4 Ra7 62. h4 Rb7 63. h5 Rc7 64. Kf8 Nf6 65. e8N+ Nxe8 66. Kxe8 Rc5 67. Rd4+ Kc6 68. Nf4 Kb5 69. Rd5 1-0

[Event "FRA-chT1B 0708"]
[Site "France"]
[Date "2007.12.16"]
[Round "5.2"]
[White "Romero Holmes, Alfonso"]
[Black "Dunis, Aurelien"]
[Result "1/2-1/2"]
[WhiteElo "2526"]
[BlackElo "2504"]
[PlyCount "38"]
[EventDate "2007.10.21"]
[EventType "team"]
[EventRounds "11"]
[EventCountry "FRA"]
[SourceTitle "EXT 2009"]
[Source "ChessBase"]
[SourceDate "2008.11.26"]
[SourceVersion "1"]
[SourceVersionDate "2008.11.26"]
[SourceQuality "1"]
[WhiteTeam "Avignon"]
[BlackTeam "Grasse"]
[WhiteTeamCountry "FRA"]
[BlackTeamCountry "FRA"]

1. c4 c6 2. e4 d5 3. exd5 Nf6 4. Nc3 cxd5 5. d4 e6 6. cxd5 Nxd5 7. Bd3 Nc6 8. Nf3 Be7 9. 0-0 0-0 10. a3 Bf6 11. Be4 Nce7 12. Qd3 Ng6 13. g3 b6 14. h4 Re8 15. h5 Nf8 16. h6 g6 17. Ne5 Bb7 18. Qf3 Qe7 19. Re1 Rad8 1/2-1/2

[Event "FRA-chT1B 0708"]
[Site "France"]
[Date "2007.12.15"]
[Round "4.2"]
[White "Dunis, Aurelien"]
[Black "Sermier, Guillaume"]
[Result "1-0"]
[WhiteElo "2504"]
[BlackElo "2366"]
[PlyCount "85"]
[EventDate "2007.10.21"]
[EventType "team"]
[EventRounds "11"]
[EventCountry "FRA"]
[SourceTitle "EXT 2009"]
[Source "ChessBase"]
[SourceDate "2008.11.26"]
[SourceVersion "1"]
[SourceVersionDate "2008.11.26"]
[SourceQuality "1"]
[WhiteTeam "Grasse"]
[BlackTeam "Besancon TPG"]
[WhiteTeamCountry "FRA"]
[BlackTeamCountry "FRA"]

1. c4 e5 2. g3 Nf6 3. Bg2 Be7 4. Nc3 0-0 5. Nf3 d6 6. d4 Nbd7 7. 0-0 c6 8. e4 Qc7 9. Be3 Re8 10. h3 a6 11. Rc1 Bf8 12. Re1 b6 13. d5 c5 14. a4 g6 15. Nh2 Bg7 16. Bf3 Rf8 17. g4 Ne8 18. Kh1 Qd8 19. Rg1 Nc7 20. Be2 Kh8 21. Bd3 Nf6 22. Qe2 Qe7 23. Bg5 Bd7 24. Rcf1 Rab8 25. f4 h6 26. Bxf6 Qxf6 27. g5 Qe7 28. f5 hxg5 29. Ng4 f6 30. h4 b5 31. hxg5 fxg5 32. Qh2+ Kg8 33. fxg6 Rf4 34. Ne2 bxc4 35. Bb1 Bxg4 36. Qh7+ Kf8 37. Nxf4 exf4 38. Rxg4 Rxb2 39. Rg2 c3 40. Qh3 Ne8 41. Rxb2 cxb2 42. Rg1 Nf6 43. Rxg5 1-0

[Event "FRA-chT1B 0708"]
[Site "France"]
[Date "2007.11.25"]
[Round "3.1"]
[White "Dunis, Aurelien"]
[Black "Van Elst, Andreas"]
[Result "1-0"]
[WhiteElo "2504"]
[BlackElo "2350"]
[PlyCount "75"]
[EventDate "2007.10.21"]
[EventType "team"]
[EventRounds "11"]
[EventCountry "FRA"]
[SourceTitle "EXT 2009"]
[Source "ChessBase"]
[SourceDate "2008.11.26"]
[SourceVersion "1"]
[SourceVersionDate "2008.11.26"]
[SourceQuality "1"]
[WhiteTeam "Grasse"]
[BlackTeam "Toulouse"]
[WhiteTeamCountry "FRA"]
[BlackTeamCountry "FRA"]

1. e4 c5 2. Nf3 e6 3. c3 Nf6 4. e5 Nd5 5. d4 cxd4 6. cxd4 d6 7. Bc4 Nc6 8. 0-0 Be7 9. Qe2 0-0 10. Nc3 Nxc3 11. bxc3 dxe5 12. dxe5 Qc7 13. Qe4 Rd8 14. Re1 g6 15. Bg5 Bxg5 16. Nxg5 h6 17. Nf3 Qe7 18. h4 Na5 19. Bd3 Bd7 20. Re3 Rac8 21. h5 Bc6 22. Qb4 Qxb4 23. cxb4 Bxf3 24. hxg6 fxg6 25. Rxf3 Nc6 26. Bxg6 Nxe5 27. Rg3 Kg7 28. Bh5+ Kf6 29. f4 Nd3 30. Rg6+ Kf5 31. Rf1 e5 32. Rg3 Rc3 33. Bg6+ Kf6 34. fxe5+ Kxe5 35. Kh2 Rd4 36. Rf5+ Kd6 37. Rff3 Rh4+ 38. Rh3 1-0

[Event "FRA-chT1B 0708"]
[Site "France"]
[Date "2007.10.21"]
[Round "1.2"]
[White "Dunis, Aurelien"]
[Black "Levacic, Damir"]
[Result "1-0"]
[WhiteElo "2504"]
[BlackElo "2253"]
[PlyCount "79"]
[EventDate "2007.10.21"]
[EventType "team"]
[EventRounds "11"]
[EventCountry "FRA"]
[SourceTitle "EXT 2009"]
[Source "ChessBase"]
[SourceDate "2008.11.26"]
[SourceVersion "1"]
[SourceVersionDate "2008.11.26"]
[SourceQuality "1"]
[WhiteTeam "Grasse"]
[BlackTeam "Cannes II"]
[WhiteTeamCountry "FRA"]
[BlackTeamCountry "FRA"]

1. d4 Nf6 2. Nf3 e6 3. c4 Bb4+ 4. Bd2 Qe7 5. g3 0-0 6. Bg2 Nc6 7. 0-0 Bxd2 8. Qxd2 d6 9. Nc3 a6 10. e4 Rb8 11. e5 dxe5 12. Nxe5 Nxe5 13. dxe5 Nd7 14. Qe3 b5 15. cxb5 axb5 16. Rac1 Bb7 17. Rfd1 Bxg2 18. Kxg2 Rfd8 19. Rd2 b4 20. Na4 Nb6 21. Nxb6 Rxd2 22. Qxd2 Rxb6 23. Qc2 c6 24. Qa4 Qb7 25. Rd1 Qb8 26. Rd6 h6 27. Qd1 Kh7 28. Qd3+ g6 29. Qf3 Qe8 30. Qf6 Rb8 31. h4 h5 32. f3 Ra8 33. g4 hxg4 34. fxg4 Rxa2 35. Rd8 Qxd8 36. Qxd8 Rxb2+ 37. Kf3 Kg7 38. Qf6+ Kg8 39. h5 gxh5 40. gxh5 1-0

[Event "FRA-chT2 South 0607"]
[Site "France"]
[Date "2007.04.01"]
[Round "11.2"]
[White "Dunis, Aurelien"]
[Black "Letreguilly, Olivier"]
[Result "1/2-1/2"]
[WhiteElo "2510"]
[BlackElo "2399"]
[PlyCount "41"]
[EventDate "2006.10.15"]
[EventType "team"]
[EventRounds "11"]
[EventCountry "FRA"]
[SourceTitle "EXT 2008"]
[Source "ChessBase"]
[SourceDate "2007.11.25"]
[SourceVersion "1"]
[SourceVersionDate "2007.11.25"]
[SourceQuality "1"]
[WhiteTeam "Grasse"]
[BlackTeam "Saint Affrique"]
[WhiteTeamCountry "FRA"]
[BlackTeamCountry "FRA"]

1. d4 Nf6 2. Nf3 e6 3. c4 Bb4+ 4. Bd2 Qe7 5. g3 Nc6 6. Bg2 Bxd2+ 7. Nbxd2 0-0 8. 0-0 d6 9. e4 e5 10. d5 Nb8 11. b4 a5 12. a3 Na6 13. Ne1 Bg4 14. f3 Bd7 15. Nd3 c6 16. Rc1 cxd5 17. exd5 Bf5 18. Ne4 Nd7 19. Re1 b6 20. Qd2 h6 21. f4 1/2-1/2

[Event "FRA-chT2 South 0607"]
[Site "France"]
[Date "2007.03.31"]
[Round "10.1"]
[White "Grecescu, Gabriel Andrei"]
[Black "Dunis, Aurelien"]
[Result "1-0"]
[WhiteElo "2361"]
[BlackElo "2510"]
[PlyCount "93"]
[EventDate "2006.10.15"]
[EventType "team"]
[EventRounds "11"]
[EventCountry "FRA"]
[SourceTitle "EXT 2008"]
[Source "ChessBase"]
[SourceDate "2007.11.25"]
[SourceVersion "1"]
[SourceVersionDate "2007.11.25"]
[SourceQuality "1"]
[WhiteTeam "Palavas les Flots"]
[BlackTeam "Grasse"]
[WhiteTeamCountry "FRA"]
[BlackTeamCountry "FRA"]

1. c4 c6 2. Nf3 d5 3. b3 Bg4 4. e3 Nf6 5. Bb2 Nbd7 6. Be2 e6 7. h3 Bxf3 8. Bxf3 Bd6 9. Nc3 Qe7 10. a4 0-0 11. 0-0 Ne5 12. Be2 Rad8 13. Qc2 Ng6 14. f4 d4 15. Ne4 Nxe4 16. Qxe4 Bc5 17. Rad1 f5 18. Qc2 e5 19. fxe5 Qxe5 20. Bf3 Bd6 21. Bxd4 Qh2+ 22. Kf2 Bg3+ 23. Ke2 Rxd4 24. d3 Nf4+ 25. exf4 Re8+ 26. Kd2 Bxf4+ 27. Kc3 Be5 28. b4 Bf6 29. Kb3 Qd6 30. a5 Re3 31. Rfe1 Rdxd3+ 32. Rxd3 Rxd3+ 33. Ka4 Rd2 34. c5 Qd7 35. Rd1 Rxd1 36. Qxd1 Qxd1+ 37. Bxd1 a6 38. Bb3+ Kf8 39. Be6 Ke7 40. Bc8 Bc3 41. Bxb7 Kd7 42. Bxa6 Be5 43. Be2 Bb8 44. Kb3 g6 45. a6 h5 46. Kc4 h4 47. Bf3 1-0

[Event "FRA-chT2 South 0607"]
[Site "France"]
[Date "2007.03.17"]
[Round "8.1"]
[White "Sanchez, Nicolas"]
[Black "Dunis, Aurelien"]
[Result "0-1"]
[WhiteElo "2201"]
[BlackElo "2510"]
[PlyCount "128"]
[EventDate "2006.10.15"]
[EventType "team"]
[EventRounds "11"]
[EventCountry "FRA"]
[SourceTitle "EXT 2008"]
[Source "ChessBase"]
[SourceDate "2007.11.25"]
[SourceVersion "1"]
[SourceVersionDate "2007.11.25"]
[SourceQuality "1"]
[WhiteTeam "Tournefeuille"]
[BlackTeam "Grasse"]
[WhiteTeamCountry "FRA"]
[BlackTeamCountry "FRA"]

1. d4 Nf6 2. c4 c6 3. Nc3 d5 4. Nf3 a6 5. a4 e6 6. Bg5 a5 7. e3 Be7 8. Rc1 0-0 9. Bd3 Na6 10. 0-0 Nb4 11. Bb1 b6 12. Qe2 Ba6 13. b3 Ne4 14. Bf4 Nxc3 15. Rxc3 f5 16. Rd1 Bf6 17. Rcc1 Qe7 18. Ne5 Rad8 19. Bg3 c5 20. f3 dxc4 21. bxc4 Bg5 22. Be1 Qc7 23. f4 Bf6 24. Bc3 Bb7 25. d5 exd5 26. Bxf5 g6 27. Be6+ Kg7 28. Qb2 Qe7 29. cxd5 Bxd5 30. Bxb4 Qxe6 31. Bc3 Kg8 32. Rb1 Rd6 33. Rd2 Rfd8 34. Rbd1 Ba8 35. Rxd6 Rxd6 36. Rd2 Rxd2 37. Qxd2 Qd5 38. Qb2 Qe4 39. Qa2+ Bd5 40. Qd2 Qb1+ 41. Kf2 Qa2 42. Bb2 Bh4+ 43. g3 Bf6 44. g4 Bxe5 45. fxe5 Kf7 46. Kg3 Qb3 47. Kh4 h6 48. Bc3 Ke8 49. Qd3 Bf7 50. Kg3 Qc4 51. Qd2 g5 52. Bb2 Bd5 53. h4 Qe4 54. hxg5 hxg5 55. Qe2 Qh1 56. Kf2 Qg2+ 57. Ke1 Qxe2+ 58. Kxe2 Bb3 59. Bc1 Bxa4 60. e4 Bd7 61. Bxg5 Bxg4+ 62. Kd3 Kd7 63. Be3 Kc6 64. Kc3 b5 0-1

[Event "FRA-chT2 South 0607"]
[Site "France"]
[Date "2006.11.25"]
[Round "2.1"]
[White "Dunis, Aurelien"]
[Black "Mindeguia Guruceaga, Juan Jesus"]
[Result "1-0"]
[WhiteElo "2510"]
[BlackElo "2207"]
[PlyCount "69"]
[EventDate "2006.10.15"]
[EventType "team"]
[EventRounds "11"]
[EventCountry "FRA"]
[SourceTitle "EXT 2008"]
[Source "ChessBase"]
[SourceDate "2007.11.25"]
[SourceVersion "1"]
[SourceVersionDate "2007.11.25"]
[SourceQuality "1"]
[WhiteTeam "Grasse"]
[BlackTeam "Condom"]
[WhiteTeamCountry "FRA"]
[BlackTeamCountry "FRA"]

1. d4 d5 2. Nf3 e6 3. c4 c5 4. cxd5 exd5 5. Nc3 Nc6 6. Bg5 Be7 7. Bxe7 Ngxe7 8. e3 c4 9. Be2 0-0 10. 0-0 b5 11. Nxb5 Rb8 12. Nc3 Rxb2 13. Qc1 Rb8 14. e4 dxe4 15. Nxe4 Nxd4 16. Nxd4 Qxd4 17. Qxc4 Rb4 18. Qxd4 Rxd4 19. Bf3 Rfd8 20. Rfe1 Ng6 21. Nc5 h6 22. Rac1 Bg4 23. Bxg4 Rxg4 24. g3 Rc8 25. Kf1 Rd4 26. h4 Rd2 27. a4 Rd5 28. Ne4 Rcd8 29. Rc7 a5 30. Nc3 Rf5 31. Rd1 Rb8 32. Nb5 Ne5 33. Rd5 f6 34. Nd4 Rb1+ 35. Kg2 1-0

[Event "FRA-chT Poule Haute"]
[Site "Asnieres sur Seine"]
[Date "2006.05.05"]
[Round "9"]
[White "Stefanova, Antoaneta"]
[Black "Dunis, Aurelien"]
[Result "1-0"]
[WhiteElo "2499"]
[BlackElo "2534"]
[PlyCount "69"]
[EventDate "2006.05.03"]
[EventType "team-tourn"]
[EventRounds "4"]
[EventCountry "FRA"]
[SourceTitle "EXT 2007"]
[Source "ChessBase"]
[SourceDate "2006.11.23"]
[SourceVersion "1"]
[SourceVersionDate "2006.11.23"]
[SourceQuality "1"]
[WhiteTeam "Clichy"]
[BlackTeam "Nice"]
[WhiteTeamCountry "FRA"]
[BlackTeamCountry "FRA"]

1. d4 d5 2. c4 c6 3. cxd5 cxd5 4. Bf4 Nc6 5. Nc3 Nf6 6. e3 a6 7. Bd3 Bg4 8. Nge2 e6 9. Rc1 Be7 10. 0-0 0-0 11. Na4 Rc8 12. f3 Bh5 13. Nc5 Qb6 14. Qd2 Nb4 15. Bb1 Bg6 16. a3 Bxb1 17. Rxb1 Nc6 18. b4 Qa7 19. Bg3 b6 20. Nd3 Ne8 21. e4 dxe4 22. fxe4 Nf6 23. Qe3 b5 24. h3 Rfd8 25. Bf2 e5 26. Qf3 exd4 27. e5 Nd5 28. Rbc1 Qd7 29. Bxd4 Bg5 30. Nc5 Qe7 31. Rcd1 Nxd4 32. Nxd4 Ne3 33. Nc6 Rxc6 34. Rxd8+ Qxd8 35. Qxf7+ 1-0

[Event "FRA-chT Poule Haute"]
[Site "Asnieres sur Seine"]
[Date "2006.05.04"]
[Round "8"]
[White "Dunis, Aurelien"]
[Black "Bacrot, Etienne"]
[Result "0-1"]
[WhiteElo "2534"]
[BlackElo "2717"]
[PlyCount "90"]
[EventDate "2006.05.03"]
[EventType "team-tourn"]
[EventRounds "4"]
[EventCountry "FRA"]
[SourceTitle "EXT 2007"]
[Source "ChessBase"]
[SourceDate "2006.11.23"]
[SourceVersion "1"]
[SourceVersionDate "2006.11.23"]
[SourceQuality "1"]
[WhiteTeam "Nice"]
[BlackTeam "NAO"]
[WhiteTeamCountry "FRA"]
[BlackTeamCountry "FRA"]

1. d4 d5 2. c4 c6 3. cxd5 cxd5 4. Nc3 Nf6 5. Nf3 a6 6. Bf4 Nc6 7. Rc1 Bf5 8. e3 Rc8 9. Bd3 Bxd3 10. Qxd3 e6 11. 0-0 Be7 12. Ne5 Qa5 13. Ne2 0-0 14. Nxc6 Rxc6 15. Rxc6 bxc6 16. Qb1 c5 17. Rc1 c4 18. Bg5 Rb8 19. Rc2 h6 20. Bxf6 Bxf6 21. g3 Be7 22. b3 Qa3 23. Rc3 a5 24. Nc1 a4 25. Kg2 g6 26. Rc2 Kg7 27. Rb2 Qb4 28. Qc2 Qb5 29. Rb1 cxb3 30. axb3 Ba3 31. b4 Bxb4 32. Na2 Qa5 33. Qc6 Bd6 34. Rc1 Ba3 35. Rc3 Rb3 36. h4 Bf8 37. Rc2 Qa7 38. h5 gxh5 39. Nc1 Rb6 40. Qc3 a3 41. Ra2 Rb1 42. Ne2 Qa6 43. Kf3 Qc4 44. Rxa3 Bxa3 45. Qxa3 Qc2 0-1

[Event "La Roche sur Yon"]
[Site "La Roche sur Yon"]
[Date "2006.03.24"]
[Round "9"]
[White "Rodriguez Guerrero, Enrique"]
[Black "Dunis, Aurelien"]
[Result "1/2-1/2"]
[WhiteElo "2464"]
[BlackElo "2534"]
[PlyCount "111"]
[EventDate "2006.03.15"]
[EventType "tourn"]
[EventRounds "9"]
[EventCountry "FRA"]
[EventCategory "12"]
[SourceTitle "CBM 112"]
[Source "ChessBase"]
[SourceDate "2006.06.07"]
[SourceVersion "1"]
[SourceVersionDate "2006.06.07"]
[SourceQuality "1"]

1. c4 Nf6 2. g3 c6 3. Nf3 d5 4. Bg2 dxc4 5. 0-0 Nbd7 6. Qc2 Nb6 7. a4 a5 8. Na3 Be6 9. Ng5 Bg4 10. Nxc4 Bxe2 11. Ne5 Bh5 12. b4 e6 13. b5 Bd6 14. d4 0-0 15. bxc6 bxc6 16. Bd2 Nbd5 17. Qxc6 Rc8 18. Qb5 Bb4 19. Nc6 Qd6 20. Nxb4 axb4 21. a5 Rc2 22. Be3 Be2 23. Qa4 Rb2 24. Rfc1 Nc3 25. Qc6 Qxc6 26. Bxc6 Ba6 27. Re1 h6 28. Nf3 Rc8 29. Ne5 b3 30. Bf3 Rc2 31. Rac1 Rxc1 32. Bxc1 Ne2+ 33. Bxe2 Bxe2 34. Rxe2 Rxc1+ 35. Kg2 Ra1 36. Rb2 Rxa5 37. Rxb3 Ra7 38. Rb8+ Kh7 39. Rf8 Ra4 40. Rxf7 Rxd4 41. Re7 Rd6 42. h4 Nd5 43. Re8 Nf6 44. Re7 Nd5 45. Ra7 Nf6 46. g4 Rd4 47. f3 Rd5 48. Nf7 Rd7 49. Rxd7 Nxd7 50. Nd8 e5 51. h5 g6 52. hxg6+ Kxg6 53. Kg3 h5 54. gxh5+ Kxh5 55. f4 exf4+ 56. Kxf4 1/2-1/2

[Event "La Roche sur Yon"]
[Site "La Roche sur Yon"]
[Date "2006.03.17"]
[Round "3"]
[White "Sasikiran, Krishnan"]
[Black "Dunis, Aurelien"]
[Result "1/2-1/2"]
[WhiteElo "2670"]
[BlackElo "2534"]
[PlyCount "122"]
[EventDate "2006.03.15"]
[EventType "tourn"]
[EventRounds "9"]
[EventCountry "FRA"]
[EventCategory "12"]
[SourceTitle "CBM 112"]
[Source "ChessBase"]
[SourceDate "2006.06.07"]
[SourceVersion "1"]
[SourceVersionDate "2006.06.07"]
[SourceQuality "1"]

1. d4 d5 2. c4 c6 3. Nf3 Nf6 4. e3 Bf5 5. Nc3 e6 6. Nh4 Bg6 7. Nxg6 hxg6 8. g3 Nbd7 9. Bg2 dxc4 10. Qe2 Be7 11. 0-0 0-0 12. Rd1 Qc7 13. Qxc4 e5 14. e4 Rfd8 15. Be3 Ng4 16. Nd5 Qd6 17. Nxe7+ Qxe7 18. Qe2 Nxe3 19. Qxe3 Nf6 20. h3 Rxd4 21. Rxd4 exd4 22. Qxd4 Rd8 23. Qxa7 Qb4 24. b3 Nxe4 25. Bxe4 Qxe4 26. Qxb7 Rd2 27. Qb8+ Kh7 28. Qf4 Qxf4 29. gxf4 Rb2 30. Rc1 Rxa2 31. Rxc6 Rd2 32. Rc3 Rd4 33. Rf3 f5 34. Kg2 Rb4 35. Kg3 Kh6 36. Rd3 Kh7 37. Kf3 Kh6 38. Rc3 Kh5 39. Kg3 Kh6 40. f3 Rb8 41. Kf2 Kh5 42. Rd3 Kh4 43. Kg2 Kh5 44. Kg3 Kh6 45. Rc3 Kh5 46. Kf2 Kh4 47. Kg2 Kh5 48. Kg3 Kh6 49. h4 Rb4 50. Kf2 Rb8 51. Ke3 Kh5 52. Kf2 Kh6 53. Kg3 Rb4 54. Rd3 Rb8 55. Kg2 Rb4 56. Rc3 Rb8 57. Kf2 Rb4 58. Ke2 Rb8 59. Ke3 Kh5 60. Kf2 Kh6 61. Kg3 Rb4 1/2-1/2

[Event "La Roche sur Yon"]
[Site "La Roche sur Yon"]
[Date "2006.03.16"]
[Round "2"]
[White "Dunis, Aurelien"]
[Black "Charbonneau, Pascal"]
[Result "1/2-1/2"]
[WhiteElo "2534"]
[BlackElo "2496"]
[PlyCount "62"]
[EventDate "2006.03.15"]
[EventType "tourn"]
[EventRounds "9"]
[EventCountry "FRA"]
[EventCategory "12"]
[SourceTitle "CBM 112"]
[Source "ChessBase"]
[SourceDate "2006.06.07"]
[SourceVersion "1"]
[SourceVersionDate "2006.06.07"]
[SourceQuality "1"]

1. d4 Nf6 2. c4 e6 3. Nf3 d5 4. Nc3 Bb4 5. Bg5 0-0 6. e3 c5 7. cxd5 exd5 8. Be2 Be6 9. 0-0 Nbd7 10. Ne5 Qa5 11. Nxd7 Nxd7 12. Qb3 cxd4 13. exd4 Rfc8 14. Rfc1 Nb6 15. a3 Bf8 16. Qb5 Qxb5 17. Nxb5 Rxc1+ 18. Rxc1 a6 19. Nc7 Rc8 20. Nxe6 Rxc1+ 21. Bxc1 fxe6 22. Kf1 Be7 23. Bg4 Kf7 24. Ke2 Bf6 25. Kd3 Nc4 26. b3 Na5 27. Bd1 Nc6 28. Be3 Be7 29. Bc1 Bf6 30. Be3 Be7 31. Bc1 Bf6 1/2-1/2

[Event "La Roche sur Yon"]
[Site "La Roche sur Yon"]
[Date "2006.03.15"]
[Round "1"]
[White "Maze, Sebastien"]
[Black "Dunis, Aurelien"]
[Result "1/2-1/2"]
[WhiteElo "2518"]
[BlackElo "2534"]
[PlyCount "72"]
[EventDate "2006.03.15"]
[EventType "tourn"]
[EventRounds "9"]
[EventCountry "FRA"]
[EventCategory "12"]
[SourceTitle "CBM 112"]
[Source "ChessBase"]
[SourceDate "2006.06.07"]
[SourceVersion "1"]
[SourceVersionDate "2006.06.07"]
[SourceQuality "1"]

1. e4 c5 2. Nf3 d6 3. d4 cxd4 4. Nxd4 Nf6 5. Nc3 a6 6. Bg5 e6 7. f4 Be7 8. Qf3 Qc7 9. 0-0-0 Nbd7 10. Bd3 h6 11. Bh4 g5 12. fxg5 Ne5 13. Qe2 Nfg4 14. Nf3 hxg5 15. Bg3 Nxf3 16. gxf3 Ne5 17. Qe3 Bd7 18. Be2 0-0-0 19. Kb1 Bc6 20. Rhf1 Ng6 21. Rd3 Bf6 22. Rfd1 Nf4 23. Bxf4 gxf4 24. Qxf4 Be5 25. Qe3 Rxh2 26. f4 Bf6 27. e5 dxe5 28. Rxd8+ Bxd8 29. fxe5 Rh1 30. Rxh1 Bxh1 31. Bh5 Bc6 32. Qd4 Qb6 33. Ne2 Qxd4 34. Nxd4 Be8 35. Nxe6 fxe6 36. Bxe8 Bc7 1/2-1/2

[Event "Moscow Aeroflot op-B"]
[Site "Moscow"]
[Date "2006.02.15"]
[Round "9"]
[White "Sengupta, Deep"]
[Black "Dunis, Aurelien"]
[Result "1-0"]
[WhiteElo "2401"]
[BlackElo "2505"]
[PlyCount "195"]
[EventDate "2006.02.07"]
[EventType "swiss"]
[EventRounds "9"]
[EventCountry "RUS"]
[SourceTitle "EXT 2007"]
[Source "ChessBase"]
[SourceDate "2006.11.23"]
[SourceVersion "1"]
[SourceVersionDate "2006.11.23"]
[SourceQuality "1"]

1. e4 c5 2. Nf3 d6 3. d4 Nf6 4. Nc3 cxd4 5. Nxd4 a6 6. f3 e6 7. Be3 b5 8. g4 h6 9. Qd2 b4 10. Na4 Nbd7 11. 0-0-0 Ne5 12. b3 Bd7 13. Nb2 d5 14. Bf4 Qc7 15. Bg3 dxe4 16. Nc4 Nxc4 17. Bxc4 Qa5 18. a4 Rc8 19. h4 Bxa4 20. g5 Bd7 21. Kb1 hxg5 22. hxg5 Rxh1 23. Rxh1 Nd5 24. Bxd5 Qxd5 25. fxe4 Qc5 26. g6 f6 27. e5 fxe5 28. Nf3 Qd5 29. Qxd5 exd5 30. Rh5 Rc3 31. Rxe5+ Kd8 32. Bh4+ Kc8 33. Nd4 Bc5 34. Ne2 Re3 35. Rxd5 Bb6 36. Nf4 Re4 37. Bg5 Bd4 38. Nd3 Bc3 39. Rc5+ Kb8 40. Bf4+ Ka8 41. Be5 Bxe5 42. Nxe5 Bf5 43. Nc4 Bxg6 44. Rc6 Rg4 45. Ne5 Rg1+ 46. Kb2 Bf5 47. Rxa6+ Kb7 48. Ra4 g5 49. Rxb4+ Kc7 50. Nf3 Rg2 51. Rc4+ Kb6 52. b4 Bd7 53. Ne5 Ba4 54. Rc5 g4 55. Nc4+ Kb7 56. Ne3 Re2 57. Nf5 Rf2 58. Nd6+ Kb6 59. Nc4+ Kb7 60. Na5+ Kb6 61. Nc4+ Kb7 62. Ne3 Re2 63. Nf5 Rf2 64. Nd4 Bd7 65. Rg5 Kc7 66. Kc3 Kd6 67. b5 Rf1 68. Kc4 Rb1 69. c3 Bc8 70. Kd3 Bd7 71. c4 Rc1 72. Nb3 Rb1 73. Kc3 Kc7 74. Rg7 Kc8 75. Nd4 Kd8 76. Kd3 Rb4 77. Rg5 Kc7 78. Kc3 Rb1 79. Nc2 Rc1 80. Kb2 Rf1 81. Ne3 Rf3 82. Nd5+ Kd6 83. Nc3 Rf5 84. Rxg4 Kc5 85. Kb3 Be6 86. Na4+ Kd6 87. Rd4+ Ke5 88. Rd2 Rf4 89. Nb2 Kf6 90. Kb4 Ke7 91. Kc5 Bd7 92. Na4 Be6 93. Nb6 Rf3 94. Rd4 Rb3 95. Kc6 Bh3 96. Nd5+ Ke8 97. b6 Bg2 98. Kc7 1-0

[Event "Moscow Aeroflot op-B"]
[Site "Moscow"]
[Date "2006.02.14"]
[Round "8"]
[White "Dunis, Aurelien"]
[Black "Iuldachev, Saidali"]
[Result "0-1"]
[WhiteElo "2505"]
[BlackElo "2480"]
[PlyCount "74"]
[EventDate "2006.02.07"]
[EventType "swiss"]
[EventRounds "9"]
[EventCountry "RUS"]
[SourceTitle "EXT 2007"]
[Source "ChessBase"]
[SourceDate "2006.11.23"]
[SourceVersion "1"]
[SourceVersionDate "2006.11.23"]
[SourceQuality "1"]

1. d4 Nf6 2. c4 d6 3. Nc3 Nbd7 4. e4 e5 5. Nf3 Be7 6. Be2 0-0 7. 0-0 c6 8. Re1 a6 9. Rb1 b5 10. b4 Bb7 11. dxe5 Nxe5 12. Nxe5 dxe5 13. Be3 Qc7 14. Qc2 Rad8 15. Rec1 Rd7 16. c5 Bc8 17. a4 Rdd8 18. Ra1 Ng4 19. Bd2 a5 20. axb5 axb4 21. Nb1 cxb5 22. f3 b3 23. Qxb3 Bxc5+ 24. Kf1 Nxh2+ 25. Ke1 Qe7 26. Rxc5 Qxc5 27. Be3 Qe7 28. Kf2 Qh4+ 29. g3 Ng4+ 30. fxg4 Qh2+ 31. Kf1 Qxg3 32. Ra3 Be6 33. Qxb5 Rb8 34. Bb6 Qf4+ 35. Rf3 Qc1+ 36. Kg2 Bxg4 37. Rc3 Bxe2 0-1

[Event "Moscow Aeroflot op-B"]
[Site "Moscow"]
[Date "2006.02.13"]
[Round "7"]
[White "Demin, Vladimir"]
[Black "Dunis, Aurelien"]
[Result "1/2-1/2"]
[WhiteElo "2420"]
[BlackElo "2505"]
[PlyCount "36"]
[EventDate "2006.02.07"]
[EventType "swiss"]
[EventRounds "9"]
[EventCountry "RUS"]
[SourceTitle "EXT 2007"]
[Source "ChessBase"]
[SourceDate "2006.11.23"]
[SourceVersion "1"]
[SourceVersionDate "2006.11.23"]
[SourceQuality "1"]

1. d4 Nf6 2. Nf3 d5 3. c4 c6 4. e3 Bf5 5. Nc3 e6 6. Nh4 Bg6 7. Nxg6 hxg6 8. g3 Nbd7 9. Bg2 dxc4 10. Qe2 Nb6 11. 0-0 Be7 12. Rd1 0-0 13. e4 Rc8 14. Be3 Qc7 15. a4 a5 16. Bf4 Qd7 17. Be3 Qc7 18. Bf4 Qd7 1/2-1/2